[Event "Polanica Zdroj op-D 56th"]
[Site "Polanica Zdroj"]
[Date "2020.08.21"]
[Round "7"]
[White "Pyka, Roman"]
[Black "Szczygiel, Konrad"]
[Result "0-1"]
[WhiteElo "1873"]
[BlackElo "1901"]
[PlyCount "172"]
[EventDate "2020.08.15"]
[EventType "swiss"]
[EventRounds "9"]
[EventCountry "POL"]
[SourceTitle "CBM 198 Extra"]
[Source "ChessBase"]
[SourceDate "2020.11.30"]
[SourceVersion "1"]
[SourceVersionDate "2020.11.30"]
[SourceQuality "1"]

1. Nf3 g6 2. d4 Bg7 3. c4 c5 4. Nc3 cxd4 5. Nxd4 Nf6 6. e4 d6 7. Be2 0-0 8. 0-0 Nc6 9. Be3 Bd7 10. h3 Nxd4 11. Bxd4 Bc6 12. Bf3 Ne8 13. Re1 e5 14. Be3 f5 15. Qb3 Qh4 16. Rad1 fxe4 17. Bxe4 Bxe4 18. g3 Bc2 19. gxh4 Bxb3 20. axb3 Bf6 21. h5 gxh5 22. Nb5 Be7 23. Bxa7 Nc7 24. Nxc7 Rxa7 25. Nd5 Bh4 26. Re2 Rf3 27. Ne3 b5 28. Kg2 Raf7 29. Rf1 e4 30. Nd1 Rg7+ 31. Kh2 Bf6 32. Rxe4 Be5+ 33. Rxe5 dxe5 34. Ne3 b4 35. c5 Rgf7 36. Kg2 e4 37. Nd5 R3f5 38. Ne3 Rxc5 39. Rd1 Rg5+ 40. Kf1 Rf3 41. Rd4 Rxh3 42. Rxb4 Rh1+ 43. Ke2 Rb1 44. Rxe4 Rxb2+ 45. Kf3 Rxb3 46. Rh4 Kg7 47. Rh1 Kg6 48. Rh4 Rg1 49. Rh2 Kg5 50. Rg2+ Rxg2 51. Kxg2 Rd3 52. Kg3 h4+ 53. Kg2 Kf4 54. Kh3 Kf3 55. Kxh4 Kxf2 56. Ng4+ Kg2 57. Nf6 Rf3 58. Kg5 Rh3 59. Kg4 Rh6 60. Ne4 Rg6+ 61. Kh5 Kf3 62. Ng5+ Kf4 63. Nxh7 Kf5 64. Nf8 Rf6 65. Nh7 Ra6 66. Ng5 Rg6 67. Nf3 Rg3 68. Nd4+ Kf6 69. Ne2 Re3 70. Ng1 Re8 71. Nf3 Rg8 72. Nd4 Ke5 73. Nc6+ Kd6 74. Nd4 Ke5 75. Nc6+ Kf4 76. Ne7 Rg7 77. Nd5+ Ke4 78. Kh6 Rg3 79. Ne7 Ke5 80. Kh5 Rg7 81. Nc6+ Kd5 82. Nb4+ Kd4 83. Nc6+ Ke4 84. Kh6 Rb7 85. Na5 Rb6+ 86. Kg7 Kd5 0-1

[Event "Polanica Zdroj op-D 56th"]
[Site "Polanica Zdroj"]
[Date "2020.08.20"]
[Round "6"]
[White "Szczygiel, Konrad"]
[Black "Simon, Marek"]
[Result "1/2-1/2"]
[WhiteElo "1901"]
[BlackElo "1878"]
[PlyCount "65"]
[EventDate "2020.08.15"]
[EventType "swiss"]
[EventRounds "9"]
[EventCountry "POL"]
[SourceTitle "CBM 198 Extra"]
[Source "ChessBase"]
[SourceDate "2020.11.30"]
[SourceVersion "1"]
[SourceVersionDate "2020.11.30"]
[SourceQuality "1"]

1. d4 Nf6 2. c4 e6 3. Nc3 Bb4 4. Qc2 d5 5. e3 0-0 6. Bd3 dxc4 7. Bxc4 c5 8. a3 cxd4 9. axb4 dxc3 10. bxc3 Qc7 11. Bd3 e5 12. e4 Be6 13. Ne2 Bc4 14. 0-0 Rc8 15. Kh1 Bxd3 16. Qxd3 Qc4 17. Qxc4 Rxc4 18. f3 a5 19. bxa5 b6 20. a6 Rxa6 21. Be3 Rxa1 22. Rxa1 Nfd7 23. Ra8 Rc6 24. Kg1 f6 25. Kf1 Kf7 26. Ke1 Rd6 27. Nc1 Nc6 28. Ke2 Ke7 29. Nd3 b5 30. Nc5 Nb6 31. Ra6 Nc4 32. Nb7 Rd7 33. Rxc6 1/2-1/2

[Event "Suwalki Warakomska Memorial-B 1st"]
[Site "Suwalki"]
[Date "2017.08.17"]
[Round "8"]
[White "Kaczmarek, Arkadiusz"]
[Black "Szczygiel, Konrad"]
[Result "1/2-1/2"]
[WhiteElo "1935"]
[BlackElo "1862"]
[PlyCount "57"]
[EventDate "2017.08.11"]
[EventType "swiss"]
[EventRounds "9"]
[EventCountry "POL"]
[SourceTitle "CBM 180 Extra"]
[Source "ChessBase"]
[SourceDate "2017.10.06"]
[SourceVersion "1"]
[SourceVersionDate "2017.10.06"]
[SourceQuality "1"]

1. d4 Nf6 2. c4 e6 3. Nf3 b6 4. g3 Bb7 5. Bg2 Be7 6. 0-0 0-0 7. Re1 c5 8. d5 exd5 9. Nh4 Ne4 10. cxd5 Bxh4 11. Bxe4 Bf6 12. Nc3 d6 13. Bg2 Nd7 14. e4 Ba6 15. f4 b5 16. a4 Qa5 17. Nxb5 Bxb5 18. Bd2 Qb6 19. axb5 Bxb2 20. Ra6 Qxb5 21. Rxd6 c4 22. Be3 Ba3 23. Rc6 Nb8 24. Rc7 Bd6 25. Rxa7 Rxa7 26. Bxa7 c3 27. Bf1 Qa5 28. Bf2 Rc8 29. Qc2 1/2-1/2

[Event "Suwalki Warakomska Memorial-B 1st"]
[Site "Suwalki"]
[Date "2017.08.15"]
[Round "6"]
[White "Szczygiel, Konrad"]
[Black "Falkowski, Dawid"]
[Result "1-0"]
[WhiteElo "1862"]
[BlackElo "2013"]
[PlyCount "51"]
[EventDate "2017.08.11"]
[EventType "swiss"]
[EventRounds "9"]
[EventCountry "POL"]
[SourceTitle "CBM 180 Extra"]
[Source "ChessBase"]
[SourceDate "2017.10.06"]
[SourceVersion "1"]
[SourceVersionDate "2017.10.06"]
[SourceQuality "1"]

1. d4 Nf6 2. c4 e5 3. dxe5 Ng4 4. Nf3 Nc6 5. e3 Ngxe5 6. Nxe5 Nxe5 7. Be2 Bb4+ 8. Bd2 Qe7 9. 0-0 0-0 10. Nc3 Bxc3 11. Bxc3 d6 12. Kh1 Bf5 13. Qd4 f6 14. Rad1 Kh8 15. Qf4 Be6 16. b3 Rad8 17. c5 Ng6 18. Qb4 dxc5 19. Qxb7 Nh4 20. Bf3 Nxf3 21. Qxf3 Rd6 22. e4 Rfd8 23. e5 fxe5 24. Bxe5 Rxd1 25. Rxd1 Bd5 26. Rxd5 1-0

[Event "Suwalki Warakomska Memorial-B 1st"]
[Site "Suwalki"]
[Date "2017.08.12"]
[Round "2"]
[White "Szczygiel, Konrad"]
[Black "Wolagiewicz, Kinga"]
[Result "1/2-1/2"]
[WhiteElo "1862"]
[BlackElo "1611"]
[PlyCount "81"]
[EventDate "2017.08.11"]
[EventType "swiss"]
[EventRounds "9"]
[EventCountry "POL"]
[SourceTitle "CBM 180 Extra"]
[Source "ChessBase"]
[SourceDate "2017.10.06"]
[SourceVersion "1"]
[SourceVersionDate "2017.10.06"]
[SourceQuality "1"]

1. d4 d5 2. c4 e6 3. Nc3 Nf6 4. Nf3 c6 5. e3 Nbd7 6. b3 Bb4 7. Bd2 Bxc3 8. Bxc3 Ne4 9. Qc2 0-0 10. Bd3 Nxc3 11. Qxc3 dxc4 12. bxc4 c5 13. 0-0 b6 14. Rfd1 Qf6 15. Be4 Rb8 16. Qa3 a5 17. Bc6 Qe7 18. Rab1 Rd8 19. Rd2 Kf8 20. h3 cxd4 21. Qxe7+ Kxe7 22. exd4 Ba6 23. Bxd7 Rxd7 24. Ne5 Rc7 25. d5 exd5 26. cxd5 Kd6 27. Nc6 Rbb7 28. Rc1 h6 29. Rdc2 Bd3 30. Rc3 Be4 31. Nd8 Ra7 32. Rc6+ Rxc6 33. dxc6 Bxc6 34. Rxc6+ Kd7 35. Rxb6 Kxd8 36. a4 Kc7 37. Rb5 Kc6 38. Kf1 f6 39. Ke2 Re7+ 40. Kf3 Re5 41. Rb8 1/2-1/2

[Event "POL-ch U26 rapid"]
[Site "Hucisko"]
[Date "2016.01.15"]
[Round "6"]
[White "Szusterowski, Radoslaw"]
[Black "Szczygiel, Konrad"]
[Result "1-0"]
[WhiteElo "2224"]
[BlackElo "1855"]
[PlyCount "109"]
[EventDate "2016.01.15"]
[EventType "swiss (rapid)"]
[EventRounds "9"]
[EventCountry "POL"]
[SourceTitle "CBM 170 Extra"]
[Source "ChessBase"]
[SourceDate "2016.02.25"]
[SourceVersion "1"]
[SourceVersionDate "2016.02.25"]
[SourceQuality "1"]

1. d4 Nf6 2. c4 e6 3. Nf3 b6 4. g3 Bb7 5. Bg2 g6 6. 0-0 Bg7 7. Nc3 0-0 8. d5 exd5 9. cxd5 d6 10. e4 Nbd7 11. Qc2 Re8 12. h3 Nc5 13. Re1 Ba6 14. Bf1 Qc8 15. Bxa6 Qxa6 16. Rb1 Qd3 17. Qxd3 Nxd3 18. Re2 Nc5 19. Nd2 Nfd7 20. f3 f5 21. Nb5 Rac8 22. Nxa7 Ra8 23. Nb5 Rxa2 24. Nxc7 Rc8 25. Nb5 Nd3 26. Nb3 Nxc1 27. Rxc1 Rxc1+ 28. Nxc1 Ra1 29. Re1 Bxb2 30. Nd3 Rxe1+ 31. Nxe1 fxe4 32. f4 Nf6 33. Nxd6 Nxd5 34. Nxe4 b5 35. Nd3 Bd4+ 36. Kf1 b4 37. Nd2 Kf7 38. Ke2 Ke6 39. Nf3 Bf6 40. h4 b3 41. Nc5+ Kf5 42. Nxb3 Kg4 43. Kf2 Nc3 44. Kg2 h5 45. Nbd2 Ne2 46. Ne4 Be7 47. Ne5+ Kf5 48. Nd2 Nd4 49. Kf2 Nc2 50. Kf3 Nd4+ 51. Ke3 Bc5 52. Kd3 Ne6 53. Nf1 Bd6 54. Ne3+ Kf6 55. Nf3 1-0

[Event "POL-chT 2nd League"]
[Site "Jastrzebia Gora"]
[Date "2015.09.07"]
[Round "3.101"]
[White "Szczygiel, Konrad"]
[Black "Matlewski, Adam"]
[Result "1-0"]
[WhiteElo "1815"]
[BlackElo "1802"]
[PlyCount "95"]
[EventDate "2015.09.05"]
[EventType "team-swiss"]
[EventRounds "9"]
[EventCountry "POL"]
[SourceTitle "EXT 2017"]
[Source "ChessBase"]
[SourceDate "2016.10.25"]
[SourceVersion "1"]
[SourceVersionDate "2016.10.25"]
[SourceQuality "1"]
[WhiteTeam "Siedlce KSz Skoczek"]
[BlackTeam "Konin UKS Smecz"]
[WhiteTeamCountry "POL"]
[BlackTeamCountry "POL"]

1. d4 Nf6 2. c4 e6 3. Nc3 Bb4 4. Qc2 d5 5. e3 0-0 6. Nf3 b6 7. a3 Bxc3+ 8. bxc3 Bb7 9. cxd5 exd5 10. Bd3 Ne4 11. 0-0 Nd7 12. Nd2 Ndf6 13. f3 Nxd2 14. Bxd2 c5 15. Be1 c4 16. Bf5 Qe7 17. Bf2 Bc8 18. e4 Bxf5 19. exf5 Nh5 20. Rfe1 Qd7 21. Be3 Qd6 22. Qf2 g6 23. Qh4 f6 24. Bh6 Rfe8 25. Qg4 Kf7 26. Qh3 Ng7 27. g4 g5 28. Qg2 Re7 29. f4 gxf4 30. Bxf4 Rxe1+ 31. Rxe1 Qd7 32. Bh6 Nxf5 33. Bf4 Rg8 34. Qh3 Ng7 35. Qxh7 Qxg4+ 36. Bg3 f5 37. Kf2 f4 38. Bh4 f3 39. Re7+ Kf8 40. Re8+ Kxe8 41. Qxg8+ Kd7 42. Qxd5+ Ke8 43. Qg8+ Kd7 44. Qf7+ Kc6 45. Qxc4+ Kd6 46. Bg3+ Ke7 47. Qc7+ Kf6 48. Be5+ 1-0

[Event "POL-UKR U26"]
[Site "Lublin"]
[Date "2012.11.24"]
[Round "5.2"]
[White "Szczygiel, Konrad"]
[Black "Tkachenko, Dmitri"]
[Result "0-1"]
[WhiteElo "1840"]
[BlackElo "2272"]
[PlyCount "66"]
[EventDate "2012.11.21"]
[EventType "team-tourn"]
[EventRounds "5"]
[EventCountry "POL"]
[SourceTitle "EXT 2014"]
[Source "ChessBase"]
[SourceDate "2013.11.20"]
[SourceVersion "1"]
[SourceVersionDate "2013.11.20"]
[SourceQuality "1"]
[WhiteTeam "Lublin Curie Sklodowska Univ"]
[BlackTeam "Donetsk National Univ"]
[WhiteTeamCountry "POL"]
[BlackTeamCountry "UKR"]

1. d4 Nf6 2. c4 d6 3. Nc3 g6 4. e4 Bg7 5. Be2 0-0 6. Nf3 Nbd7 7. 0-0 e5 8. d5 a5 9. Ne1 Nc5 10. f3 Nh5 11. Nd3 Nxd3 12. Bxd3 Nf4 13. Na4 b6 14. Rb1 h5 15. Bxf4 exf4 16. Be2 Re8 17. Re1 Be5 18. Qd2 Qf6 19. Red1 Qg7 20. Nc3 g5 21. Nb5 Re7 22. a3 a4 23. b4 axb3 24. Rxb3 g4 25. Kh1 Kh7 26. Qb4 g3 27. h3 Bxh3 28. gxh3 g2+ 29. Kg1 Qg3 30. Bf1 Rg8 31. Rd2 gxf1Q+ 32. Kxf1 Qxh3+ 33. Ke2 Rg1 0-1

[Event "POL-UKR U26"]
[Site "Lublin"]
[Date "2012.11.23"]
[Round "4.2"]
[White "Mazurchak, Bogdan"]
[Black "Szczygiel, Konrad"]
[Result "1-0"]
[WhiteElo "2213"]
[BlackElo "1840"]
[PlyCount "57"]
[EventDate "2012.11.21"]
[EventType "team-tourn"]
[EventRounds "5"]
[EventCountry "POL"]
[SourceTitle "CBM 151 Extra"]
[Source "ChessBase"]
[SourceDate "2012.12.18"]
[SourceVersion "1"]
[SourceVersionDate "2012.12.18"]
[SourceQuality "1"]
[WhiteTeam "Ternopol Economic Univ"]
[BlackTeam "Lublin Curie Sklodowska Univ"]
[WhiteTeamCountry "UKR"]
[BlackTeamCountry "POL"]

1. e4 c6 2. d4 d5 3. exd5 cxd5 4. c4 e6 5. Nc3 Bb4 6. Nf3 Nc6 7. Bd3 Nf6 8. 0-0 0-0 9. Bg5 dxc4 10. Bxc4 b6 11. Qa4 Bxc3 12. bxc3 Na5 13. Bd3 Bb7 14. Ne5 h6 15. Bh4 Rc8 16. Rac1 a6 17. Ng4 Qd5 18. Nxf6+ gxf6 19. f3 f5 20. Qb4 Nc4 21. Qe7 a5 22. Bg3 f6 23. Rfe1 Nb2 24. Bb1 Rce8 25. Qc7 Nc4 26. Bd3 b5 27. a4 Bc6 28. axb5 Bxb5 29. Rb1 1-0

[Event "POL-UKR U26"]
[Site "Lublin"]
[Date "2012.11.22"]
[Round "3.2"]
[White "Szczygiel, Konrad"]
[Black "Shankovsky, Andriy"]
[Result "0-1"]
[WhiteElo "1840"]
[BlackElo "2311"]
[PlyCount "60"]
[EventDate "2012.11.21"]
[EventType "team-tourn"]
[EventRounds "5"]
[EventCountry "POL"]
[SourceTitle "CBM 151 Extra"]
[Source "ChessBase"]
[SourceDate "2012.12.18"]
[SourceVersion "1"]
[SourceVersionDate "2012.12.18"]
[SourceQuality "1"]
[WhiteTeam "Lublin Curie Sklodowska Univ"]
[BlackTeam "Ivano Frankovsk Technical Univ"]
[WhiteTeamCountry "POL"]
[BlackTeamCountry "UKR"]

1. d4 f5 2. c4 Nf6 3. Nc3 e6 4. g3 d5 5. Bg2 c6 6. Bg5 Be7 7. Nf3 0-0 8. 0-0 Bd7 9. Ne5 Be8 10. Qb3 Qb6 11. Qxb6 axb6 12. cxd5 exd5 13. Rfc1 h6 14. Bxf6 Bxf6 15. Nxd5 cxd5 16. Bxd5+ Kh7 17. Bxb7 Ra7 18. Bg2 Bb5 19. e3 Nd7 20. f4 Bd8 21. Rc3 Nf6 22. Bc6 Bxc6 23. Nxc6 Ra8 24. Nxd8 Rfxd8 25. a3 Nd5 26. Rc6 Nxe3 27. Re1 Ng4 28. Rxb6 Rxd4 29. h3 Nf6 30. Re5 Nd7 0-1

[Event "Lublin Gerlecka Memorial 2nd"]
[Site "Lublin"]
[Date "2012.08.07"]
[Round "6.4"]
[White "Siedlanowski, Lukasz"]
[Black "Szczygiel, Konrad"]
[Result "0-1"]
[WhiteElo "1853"]
[BlackElo "1824"]
[PlyCount "68"]
[EventDate "2012.08.07"]
[EventType "swiss"]
[EventRounds "9"]
[EventCountry "POL"]
[SourceTitle "EXT 2023"]
[Source "ChessBase"]
[SourceDate "2022.10.05"]
[SourceVersion "1"]
[SourceVersionDate "2022.10.05"]
[SourceQuality "1"]

1. e4 c5 2. Nf3 d6 3. d4 cxd4 4. Nxd4 Nf6 5. Nc3 a6 6. Bd3 e6 7. 0-0 Be7 8. Kh1 0-0 9. f4 Qc7 10. Bd2 b5 11. a3 Nbd7 12. Qe2 Bb7 13. Rae1 Nc5 14. b4 Ncd7 15. e5 dxe5 16. fxe5 Nd5 17. Qh5 g6 18. Qh6 Nxe5 19. Ne4 Ng4 20. Qh3 h5 21. Be2 Qe5 22. c3 Qxe4 23. Bd3 Qxe1 24. Bxe1 Nde3 25. Rg1 Bd6 26. Bg3 Rac8 27. Ne2 f5 28. Qh4 f4 29. Qg5 Rf6 30. Bxg6 fxg3 31. Bxh5+ Kh7 32. Bxg4 Rh6 33. h4 Rg8 34. Qxe3 Rxh4+ 0-1

[Event "Lublin Gerlecka Memorial 2nd"]
[Site "Lublin"]
[Date "2012.08.07"]
[Round "5.3"]
[White "Szczygiel, Konrad"]
[Black "Fraczek, Dariusz"]
[Result "0-1"]
[WhiteElo "1824"]
[BlackElo "2212"]
[PlyCount "56"]
[EventDate "2012.08.07"]
[EventType "swiss"]
[EventRounds "9"]
[EventCountry "POL"]
[SourceTitle "EXT 2023"]
[Source "ChessBase"]
[SourceDate "2022.10.05"]
[SourceVersion "1"]
[SourceVersionDate "2022.10.05"]
[SourceQuality "1"]

1. d4 e6 2. c4 Nf6 3. Nc3 d5 4. e3 c5 5. Nf3 Nc6 6. Bd3 dxc4 7. Bxc4 cxd4 8. exd4 Be7 9. Bd3 0-0 10. Bg5 Nb4 11. Bb1 b6 12. a3 Nbd5 13. Qd3 g6 14. h4 Bb7 15. Nd2 Nh5 16. Nxd5 Bxd5 17. Ne4 Bxe4 18. Qxe4 Bxg5 19. g4 Nf6 20. Qf3 Bc1 21. h5 Qd5 22. Qxf6 Qxh1+ 23. Ke2 Bh6 24. Bxg6 Qxa1 25. Be4 Qxb2+ 26. Kf3 Bg7 27. Qg5 h6 28. Qh4 Rac8 0-1

[Event "Lublin Gerlecka Memorial 2nd"]
[Site "Lublin"]
[Date "2012.08.07"]
[Round "8.5"]
[White "Wojcieszyn, Zdzislaw"]
[Black "Szczygiel, Konrad"]
[Result "1/2-1/2"]
[WhiteElo "1958"]
[BlackElo "1824"]
[PlyCount "44"]
[EventDate "2012.08.07"]
[EventType "swiss"]
[EventRounds "9"]
[EventCountry "POL"]
[SourceTitle "EXT 2023"]
[Source "ChessBase"]
[SourceDate "2022.10.05"]
[SourceVersion "1"]
[SourceVersionDate "2022.10.05"]
[SourceQuality "1"]

1. c4 Nf6 2. Nc3 e6 3. g3 d5 4. Bg2 c6 5. cxd5 exd5 6. d4 Be7 7. Nf3 0-0 8. 0-0 Be6 9. Qc2 Nbd7 10. Nh4 Ne4 11. Bxe4 dxe4 12. Qxe4 Nf6 13. Qd3 Bh3 14. Ng2 Qd7 15. Rd1 Rad8 16. Bg5 Nd5 17. Bxe7 Nxe7 18. Nf4 Ng6 19. Nxh3 Qxh3 20. Qf3 Rd6 21. Ne4 Rd5 22. Qg2 Qe6 1/2-1/2